Web Hacking 101 : (Record no. 36892)

MARC details
000 -LEADER
fixed length control field 00413nam a22001577a 4500
005 - DATE AND TIME OF LATEST TRANSACTION
control field 20250408121154.0
008 - FIXED-LENGTH DATA ELEMENTS--GENERAL INFORMATION
fixed length control field 250408b |||||||| |||| 00| 0 eng d
020 ## - INTERNATIONAL STANDARD BOOK NUMBER
ISBN 978118662090
082 ## - DEWEY DECIMAL CLASSIFICATION NUMBER
Classification number 005.8
Item number YAW-W
100 ## - MAIN ENTRY--AUTHOR
Author Name Yaworski, Peter
245 ## - TITLE STATEMENT
Title Web Hacking 101 :
Statement of responsibility, etc. Peter Yaworski
260 ## - PUBLICATION, DISTRIBUTION, ETC.
Place of Publication USA:
Name of publisher, distributor, etc. Elsevier;
Date of publication, distribution, etc. 2018.
300 ## - PHYSICAL DESCRIPTION
Pages xiv, 243 p. :
500 ## - GENERAL NOTE
General note Include index.
300 ## - PHYSICAL DESCRIPTION
-- ill;
-- 24 cm.
952 ## - LOCATION AND ITEM INFORMATION (KOHA)
-- 0
-- 0
952 ## - LOCATION AND ITEM INFORMATION (KOHA)
-- 0
-- 0
952 ## - LOCATION AND ITEM INFORMATION (KOHA)
-- 0
-- 0
952 ## - LOCATION AND ITEM INFORMATION (KOHA)
-- 0
-- 0
Holdings
Lost status Damaged status Collection code Permanent Location Current Location Shelving Location Date acquired Full Call Number Accession No./Barcode Date last seen Copy number item type Koha item type
    CS/IT Superior Information Resource Center (SIRC) Superior University- Gold Campus Superior Information Resource Center (SIRC) Superior University- Gold Campus Cyber Security 04/08/2025 005.8 YAW-W 2018 30065 04/08/2025 1 BOOK BOOK
    CS/IT Superior Information Resource Center (SIRC) Superior University- Gold Campus Superior Information Resource Center (SIRC) Superior University- Gold Campus Cyber Security 04/08/2025 005.8 YAW-W 2018 30066 04/08/2025 2 BOOK BOOK
    CS/IT Superior Information Resource Center (SIRC) Superior University- Gold Campus Superior Information Resource Center (SIRC) Superior University- Gold Campus Cyber Security 04/08/2025 005.8 YAW-W 2018 30067 04/08/2025 3 BOOK BOOK
    CS/IT Superior Information Resource Center (SIRC) Superior University- Gold Campus Superior Information Resource Center (SIRC) Superior University- Gold Campus Cyber Security 04/08/2025 005.8 YAW-W 2018 30068 09/12/2025 4 BOOK BOOK

Powered by Koha